000 02071cam a2200565 i 4500
001 xx004893692
003 NUKAT
005 20260428095620.0
008 200626s2020 pl a g |000 0dpol c
020 _a9788380988569
_q(oprawa miękka)
035 _a(OCoLC)1164124833
035 _a(NUKAT)xx004893692
040 _aSIEDL 001/WS
_bpol
_erda
_cSIEDL 001/WS
_dKR 295/MZs
_dOLSZT 008/bak
045 2 _bd1940
_bd2020
046 _k2020
245 0 0 _aKatyń 1940-2020 :
_bzbrodnia, kłamstwo, pamięć /
_credakcja Anna Zechenter.
260 _aWarszawa :
_bInstytut Pamięci Narodowej,
_c2020.
300 _a102, [2] strony :
_bilustracje ;
_c24 cm.
336 _aObraz
_bsti
_2rdacontent
336 _aTekst
_btxt
_2rdacontent
337 _aBez urządzenia pośredniczącego
_bn
_2rdamedia
338 _aWolumin
_bnc
_2rdacarrier
380 _aAlbumy i książki artystyczne
380 _aKsiążki
380 _aPublikacje popularnonaukowe
388 1 _a2001-
500 _aNa stronie redakcyjnej: Bezpłatny dodatek do "Biuletynu IPN" 2020, 4 (173).
648 7 _a1901-2000
_2DBN
_934996
648 7 _a1939-1945
_2DBN
_936042
648 7 _a1945-1989
_2DBN
_936043
648 7 _a1989-2000
_2DBN
_936156
648 7 _a2001-
_2DBN
_936393
650 7 _aKultura pamięci
_2DBN
_936929
650 7 _aOfiary prześladowań
_2DBN
_940037
650 7 _aRocznice
_2DBN
_936778
650 7 _aSprawa katyńska
_2DBN
_940759
650 7 _aUpamiętnianie
_2DBN
_935173
650 7 _aZbrodnia katyńska (1940)
_2DBN
_940760
650 7 _aKatyń, Zbrodnia (1940).
_2kaba
_940761
650 7 _aPomniki katyńskie.
_2kaba
_940762
651 7 _aPolska
_2DBN
_935076
651 7 _aZSRR
_2DBN
_937200
655 7 _aPraca zbiorowa
_2DBN
_935107
655 7 _aPublikacja bogato ilustrowana
_2DBN
_935165
658 _aHistoria
700 1 _aZechenter, Anna
_d(1959- ).
_eRedakcja
_940168
710 2 _aInstytut Pamięci Narodowej - Komisja Ścigania Zbrodni przeciwko Narodowi Polskiemu.
_eWydawca
_4pbl
_911792
920 _a978-83-8098-856-9 (oprawa miękka)
942 _2ddc
_cBK_NM
999 _c27832
_d27832